Environmentálna stratégia vybranej spoločnosti diplomová práca

Salvato in:
Dettagli Bibliografici
Autore principale: Kali, Kamila
Ente Autore: Obchodná fakulta EU. Katedra marketingu
Altri autori: Kukura, Marek, 1995-
Natura: Libro
Lingua:slovacco
Pubblicazione: Bratislava 2025
Tags: Aggiungi Tag
Nessun Tag, puoi essere il primo ad aggiungerne!!

MARC

LEADER 00000nbm a2200000 4500
001 0310221
005 20260316084620.6
041 0 |a slo 
044 |a SK 
245 1 0 |a Environmentálna stratégia vybranej spoločnosti  |b diplomová práca  |c Kamila Kali ; školiteľ: Marek Kukura 
264 1 |a Bratislava  |c 2025 
300 |a 94 s. 
100 1 |a Kali, Kamila 
700 1 |a Kukura, Marek, 1995- 
710 2 |a Obchodná fakulta EU. Katedra marketingu